Capitalismo, imperialismo, mundialización /

محفوظ في:
التفاصيل البيبلوغرافية
المؤلف الرئيسي: Amin, Samir
مؤلفون آخرون: Taddei, Emilio H. (traductor)
التنسيق: كتاب
اللغة:Spanish
الوسوم: إضافة وسم
لا توجد وسوم, كن أول من يضع وسما على هذه التسجيلة!

MARC

LEADER 00000nam a22000007a 4500
003 cru CRAI/IIS
005 20230829142924.0
008 200115s2001 ag |||||r|||||||| ||spa|d
040 |c cru CRAI/IIS 
100 1 |a Amin, Samir  |9 4636 
245 1 |a Capitalismo, imperialismo, mundialización /  |c Samir Amin 
300 |a  páginas 15-29 
700 1 |a Taddei, Emilio H.  |e traductor  |9 9077 
773 0 |0 42841  |9 4302  |d Buenos Aires, Argentina: CLACSO, 2001  |o 18809  |t Resistencias mundiales:  |z 9509231606 
942 |2 ddc  |c LI 
999 |c 42941  |d 42941